Audio visual aids to instruction / (Record no. 185787)
[ view plain ]
| 000 -LEADER | |
|---|---|
| fixed length control field | 00983 a2200181 4500 |
| 003 - CONTROL NUMBER IDENTIFIER | |
| control field | Nust |
| 005 - DATE AND TIME OF LATEST TRANSACTION | |
| control field | 20230123091454.0 |
| 040 ## - CATALOGING SOURCE | |
| Transcribing agency | Nust |
| 082 ## - DEWEY DECIMAL CLASSIFICATION NUMBER | |
| Classification number | 370.1965,MCK |
| 100 ## - MAIN ENTRY--PERSONAL NAME | |
| Personal name | McKown, Harry |
| 9 (RLIN) | 107329 |
| 245 ## - TITLE STATEMENT | |
| Title | Audio visual aids to instruction / |
| Statement of responsibility, etc. | Harry C. McKown and Alvin B. Roberts |
| 250 ## - EDITION STATEMENT | |
| Edition statement | 2nd |
| 260 ## - PUBLICATION, DISTRIBUTION, ETC. | |
| Place of publication, distribution, etc. | New York |
| Name of publisher, distributor, etc. | Mc Graw-Hill Company |
| Date of publication, distribution, etc. | 1949 |
| 300 ## - PHYSICAL DESCRIPTION | |
| Extent | 608 |
| 505 ## - FORMATTED CONTENTS NOTE | |
| Formatted contents note | Psychology and Education (Page-9) Fundamentals Hypotheses (Page-21), The Power of the Mind (Page-43), Instinct and Emotions (Page-53), Heredity and Evolution (Page-76), Broad Features of Human Behavior (Page-96), Products of Development (Page-118), Stages of Development (Page-139), Mental Conflict (Page-155), Attention and Interest (Page-169), Memory (Page-184), Thinking and Reasons (Page-196), The Measurement of the Mind (Page-219), The Type In Education (Page-241), The Psychology of the Group (Page-248). |
| 650 ## - SUBJECT ADDED ENTRY--TOPICAL TERM | |
| Topical term or geographic name entry element | Audio Visual aids |
| 9 (RLIN) | 107330 |
| 942 ## - ADDED ENTRY ELEMENTS (KOHA) | |
| Source of classification or shelving scheme | |
| Koha item type | Book |
| Call number prefix | 370.1965,MCK |
| Withdrawn status | Lost status | Source of classification or shelving scheme | Damaged status | Not for loan | Permanent Location | Current Location | Shelving location | Date acquired | Full call number | Barcode | Date last seen | Price effective from | Koha item type | Public note |
|---|---|---|---|---|---|---|---|---|---|---|---|---|---|---|
| Military College of Signals (MCS) | Military College of Signals (MCS) | General Stacks | 12/12/2016 | 370.1965,MCK | MCS20592 | 12/08/2016 | 12/12/2016 | Book | Almirah No.54, Shelf No.2 | |||||
| Military College of Signals (MCS) | Military College of Signals (MCS) | General Stacks | 12/12/2016 | 370.1965,MCK | MCS29813 | 12/08/2016 | 12/12/2016 | Book | Almirah No.74, Shelf No.3 |
